|
|
|
|
| LEADER |
00000cam a2200000 7i4500 |
| 001 |
0000018573 |
| 005 |
20070119.0 |
| 040 |
|
|
|a INS
|
| 090 |
0 |
0 |
|a S11 2005
|
| 110 |
2 |
|
|a Mesyuarat Pegawai - Pegawai Kanan dengan Ketua - Ketua Cawangan JPPH
|k 2005
|c Johor Bahru, Johor
|
| 245 |
0 |
0 |
|a [Kertas kerja-kertas kerja yang dibentangkan dalam Mesyuarat Pegawai - Pegawai Kanan dengan Ketua - Ketua Cawangan JPPH yang diadakan pada 15 - 17 2005 di Puteri Pan Pacific Johor Bahru, Johor]
|
| 260 |
|
|
|c 2005
|
| 300 |
|
|
|a 1 jil. (Mukasurat pelbagai) :
|b il. ;
|c 31 cm.
|
| 500 |
|
|
|a Anjuran Jabatan Penilaian dan Perkhidmatan Harta
|
| 500 |
|
|
|a Tidak diterbitkan
|
| 650 |
0 |
0 |
|a Valuation
|x Management
|z Malaysia
|x Congresses
|
| 650 |
0 |
0 |
|a Valuation
|z Malaysia
|x Congresses
|
| 710 |
1 |
|
|a Jabatan Penilaian dan Perkhidmatan Harta
|
| 999 |
|
|
|a S000000373
|b BOOK
|c Seminar
|e Default branch
|